Ayurvedic drugs and their plant sources (Record no. 40918)

MARC details
000 -LEADER
fixed length control field 00388nam a2200133Ia 4500
082 ## - DEWEY DECIMAL CLASSIFICATION NUMBER
Classification number 633.88:615.012
Item number SIV
100 ## - MAIN ENTRY--AUTHOR NAME
Personal name Indra Balachandran, V V
245 #0 - TITLE STATEMENT
Title Ayurvedic drugs and their plant sources
260 ## - PUBLICATION, DISTRIBUTION, ETC. (IMPRINT)
Place of publication New Delhi
Name of publisher Oxford and IBH publishing Co Pvt Ltd
Year of publication 1994
650 ## - SUBJECT ADDED ENTRY--TOPICAL TERM
Topical Term Ayurvedic drugs
700 ## - ADDED ENTRY--PERSONAL NAME
Personal name Sivarajan
942 ## - ADDED ENTRY ELEMENTS (KOHA)
Koha item type Books
Holdings
Withdrawn status Lost status Damaged status Not for loan Home library Current library Date acquired Cost, normal purchase price Full call number Accession Number Koha item type
        RRII Library RRII Library 16/12/2021 750.00 633.88:615.012 SIV 21211 Books